00341nam a22001097a 4500082001500000100002300015245003600038260007600074300000900150490004900159700002300208 a664.52 NET aNethsinha, Clodagh aLemongrass:a literature survey/ aColombo:bCeylon Institute of Scientific & Industrial Reasearch,c1976. a40p; aSpices and Essential oil bearing plants No.3 aPaskaranathan, Uma